[Event "Heusenstamm Schloss op"]
[Site "Heusenstamm"]
[Date "2023.11.26"]
[Round "7"]
[White "Weil, Michael"]
[Black "Schmidbauer, Frank"]
[Result "0-1"]
[WhiteElo "1882"]
[BlackElo "2042"]
[PlyCount "80"]
[EventDate "2023.11.23"]
[EventType "swiss"]
[EventRounds "7"]
[EventCountry "GER"]
[SourceTitle "CB50_2023"]
[SourceDate "2023.12.13"]
[SourceVersion "1"]
[SourceVersionDate "2023.12.13"]
[SourceQuality "1"]

1. d4 d6 2. Nf3 g6 3. c3 Bg7 4. h4 Nf6 5. Bg5 Nbd7 6. Nbd2 h6 7. Bxf6 Nxf6 8. e4 0-0 9. Qc2 c5 10. dxc5 dxc5 11. Bc4 e6 12. 0-0-0 Qc7 13. h5 Nxh5 14. Rxh5 gxh5 15. Rh1 Rd8 16. g3 Bd7 17. Rxh5 b5 18. Be2 a6 19. e5 Be8 20. Rh4 Rd5 21. c4 Rxe5 22. Nxe5 Qxe5 23. Nf3 Qd6 24. Rh1 Bc6 25. Rd1 Qe7 26. Nh4 Qg5+ 27. Qd2 Rd8 28. Qxg5 Rxd1+ 29. Bxd1 hxg5 30. Nf3 g4 31. Ne1 f5 32. cxb5 axb5 33. b3 Bd4 34. Nd3 Be4 35. Kd2 b4 36. f4 gxf3 37. Nf4 e5 38. Nh3 f2 39. Be2 Bg2 40. Bc4+ Kg7 0-1

[Event "Heusenstamm Schloss op"]
[Site "Heusenstamm"]
[Date "2023.11.25"]
[Round "4"]
[White "Raumanns, Niklas"]
[Black "Weil, Michael"]
[Result "0-1"]
[WhiteElo "1729"]
[BlackElo "1882"]
[PlyCount "66"]
[EventDate "2023.11.23"]
[EventType "swiss"]
[EventRounds "7"]
[EventCountry "GER"]
[SourceTitle "CB50_2023"]
[SourceDate "2023.12.13"]
[SourceVersion "1"]
[SourceVersionDate "2023.12.13"]
[SourceQuality "1"]

1. e3 d5 2. b3 e6 3. Bb2 Nf6 4. Nf3 Bd6 5. c4 0-0 6. Nc3 c6 7. Ne2 Qe7 8. d4 Ne4 9. c5 Bc7 10. b4 f5 11. Ne5 Nd7 12. f3 Nef6 13. Ng3 Nxe5 14. dxe5 Nd7 15. f4 b6 16. Qa4 Bb7 17. cxb6 axb6 18. Qb3 c5 19. b5 c4 20. Qc3 Nc5 21. Bxc4 dxc4 22. Qxc4 Bd5 23. Qc3 Rxa2 24. Rxa2 Bxa2 25. 0-0 Qd7 26. Ra1 Bd5 27. Ra7 Ra8 28. Rxa8+ Bxa8 29. e4 Nxe4 30. Nxe4 Bxe4 31. Qb3 Qd5 32. Qc3 Qd1+ 33. Kf2 Qc2+ 0-1

[Event "Heusenstamm Schloss op"]
[Site "Heusenstamm"]
[Date "2023.11.23"]
[Round "1"]
[White "Weil, Michael"]
[Black "Nothnagel, Marian Can"]
[Result "0-1"]
[WhiteElo "1882"]
[BlackElo "2394"]
[PlyCount "74"]
[EventDate "2023.11.23"]
[EventType "swiss"]
[EventRounds "7"]
[EventCountry "GER"]
[SourceTitle "CB48_2023"]
[SourceDate "2023.11.29"]
[SourceVersion "1"]
[SourceVersionDate "2023.11.29"]
[SourceQuality "1"]

1. d4 Nf6 2. Nf3 g6 3. Bg5 Bg7 4. Nbd2 0-0 5. c3 d6 6. e3 c5 7. dxc5 dxc5 8. Bxf6 Bxf6 9. Ne4 Qb6 10. Nxf6+ Qxf6 11. Qb3 Nc6 12. Qd5 b6 13. Qg5 Qxg5 14. Nxg5 Rd8 15. f4 Bb7 16. Rd1 Rxd1+ 17. Kxd1 Rd8+ 18. Kc1 Na5 19. Rg1 Bd5 20. b3 Nb7 21. e4 h6 22. exd5 hxg5 23. Ba6 Nd6 24. Re1 gxf4 25. Rxe7 Kg7 26. c4 Kf6 27. Rxa7 Ke5 28. Kd2 Kd4 29. h3 g5 30. a4 Re8 31. Bb5 Re3 32. Rd7 Ne4+ 33. Kc2 Re2+ 34. Kc1 Kc3 35. Kd1 Kd3 36. d6 Nc3+ 37. Kc1 Rc2# 0-1

[Event "Heusenstamm Schloss op"]
[Site "Heusenstamm"]
[Date "2022.11.19"]
[Round "5"]
[White "Weil, Michael"]
[Black "Langedijk, Ardjan"]
[Result "0-1"]
[WhiteElo "1879"]
[BlackElo "2059"]
[PlyCount "82"]
[EventDate "2022.11.17"]
[EventType "swiss"]
[EventRounds "7"]
[EventCountry "GER"]
[SourceTitle "CBM 212 Extra"]
[Source "ChessBase"]
[SourceDate "2023.03.31"]
[SourceVersion "1"]
[SourceVersionDate "2023.03.31"]
[SourceQuality "1"]

1. d4 d5 2. Nf3 e6 3. e3 Nf6 4. Bd3 c5 5. c3 Nc6 6. Nbd2 cxd4 7. exd4 Bd6 8. 0-0 0-0 9. Qe2 a6 10. Ne5 Bd7 11. f4 Rc8 12. Qf3 Na7 13. Re1 b5 14. a3 Nc6 15. Qh3 g6 16. g4 Rc7 17. Ndf3 Bc8 18. Ng5 Na5 19. Bc2 Nc4 20. Qh6 Re8 21. Rf1 Bf8 22. Qh3 Bg7 23. b3 Nd6 24. Bd2 h6 25. c4 hxg5 26. fxg5 Nfe4 27. Ba5 bxc4 28. Bxe4 dxe4 29. bxc4 Qe7 30. c5 Bxe5 31. dxe5 Nc4 32. Bxc7 Qxc5+ 33. Rf2 Qxc7 34. Raf1 Nxe5 35. Qg3 Re7 36. Qf4 Nf3+ 37. Rxf3 exf3 38. Qxf3 Qc5+ 39. Qf2 Rc7 40. Kg2 Bb7+ 41. Kg3 Qc3+ 0-1

[Event "Rhein Main op-A 21st"]
[Site "Bad Homburg"]
[Date "2018.05.31"]
[Round "3"]
[White "Ochs, Daniel Elias"]
[Black "Weil, Michael"]
[Result "1/2-1/2"]
[WhiteElo "1762"]
[BlackElo "1916"]
[PlyCount "69"]
[EventDate "2018.05.30"]
[EventType "swiss"]
[EventRounds "7"]
[EventCountry "GER"]
[SourceTitle "EXT 2019"]
[Source "ChessBase"]
[SourceDate "2018.10.10"]
[SourceVersion "1"]
[SourceVersionDate "2018.10.10"]
[SourceQuality "1"]

1. d4 d5 2. c4 e6 3. Nf3 f5 4. Bf4 Nf6 5. e3 c6 6. Nc3 Be7 7. Bd3 0-0 8. h3 Ne4 9. 0-0 Bd7 10. Ne5 Be8 11. f3 Nxc3 12. bxc3 Nd7 13. Rb1 Nxe5 14. Bxe5 b6 15. cxd5 exd5 16. c4 dxc4 17. Bxc4+ Bf7 18. Bxf7+ Rxf7 19. Qc2 Rc8 20. Rbc1 Bg5 21. f4 Be7 22. Rfd1 Ba3 23. Rb1 Qd5 24. Rb3 Bd6 25. Rc3 g6 26. Rc1 Rfc7 27. Qb3 Bxe5 28. fxe5 Qxb3 29. axb3 a5 30. Kf2 Kf7 31. Kf3 Ke6 32. g4 fxg4+ 33. hxg4 Kd5 34. Ke2 Rf8 35. Rc4 1/2-1/2

[Event "Heusenstamm Sparkassen op-A 3rd"]
[Site "Heusenstamm"]
[Date "2016.11.27"]
[Round "6"]
[White "Reinecke, Katharina"]
[Black "Weil, Michael"]
[Result "1/2-1/2"]
[WhiteElo "1804"]
[BlackElo "1957"]
[PlyCount "47"]
[EventDate "2016.11.24"]
[EventType "swiss"]
[EventRounds "7"]
[EventCountry "GER"]
[SourceTitle "EXT 2018"]
[Source "ChessBase"]
[SourceDate "2017.10.13"]
[SourceVersion "1"]
[SourceVersionDate "2017.10.13"]
[SourceQuality "1"]

1. d4 d5 2. c4 e6 3. Nf3 f5 4. g3 c6 5. Bg2 Bd6 6. 0-0 Nf6 7. b3 0-0 8. Ba3 Bxa3 9. Nxa3 Bd7 10. Nc2 Be8 11. Nce1 Bh5 12. Ne5 Nbd7 13. Nxd7 Nxd7 14. Nd3 g5 15. Qd2 Qf6 16. e3 Bf7 17. Rac1 h5 18. Rc2 h4 19. cxd5 exd5 20. b4 a6 21. a4 Nb6 22. b5 axb5 23. axb5 Nc4 24. Qb4 1/2-1/2

[Event "Heusenstamm Sparkassen op-A 2nd"]
[Site "Heusenstamm"]
[Date "2015.11.29"]
[Round "7"]
[White "Stuemer, Paul"]
[Black "Weil, Michael"]
[Result "1/2-1/2"]
[WhiteElo "2073"]
[BlackElo "1935"]
[PlyCount "26"]
[EventDate "2015.11.26"]
[EventType "swiss"]
[EventRounds "7"]
[EventCountry "GER"]
[SourceTitle "EXT 2018"]
[Source "ChessBase"]
[SourceDate "2017.10.13"]
[SourceVersion "1"]
[SourceVersionDate "2017.10.13"]
[SourceQuality "1"]

1. Nf3 d5 2. c4 e6 3. g3 c6 4. Qc2 f5 5. b3 Nf6 6. Bg2 Bd6 7. 0-0 0-0 8. Ba3 Bxa3 9. Nxa3 Qe7 10. Qb2 a5 11. Rfc1 Nbd7 12. d3 Qd6 13. cxd5 exd5 1/2-1/2

[Event "Heusenstamm Sparkassen op-A 2nd"]
[Site "Heusenstamm"]
[Date "2015.11.29"]
[Round "6"]
[White "Weil, Michael"]
[Black "Kalepky, Helmut"]
[Result "1-0"]
[WhiteElo "1935"]
[BlackElo "2064"]
[PlyCount "119"]
[EventDate "2015.11.26"]
[EventType "swiss"]
[EventRounds "7"]
[EventCountry "GER"]
[SourceTitle "EXT 2018"]
[Source "ChessBase"]
[SourceDate "2017.10.13"]
[SourceVersion "1"]
[SourceVersionDate "2017.10.13"]
[SourceQuality "1"]

1. d4 Nf6 2. Nf3 e6 3. e3 c5 4. c3 b6 5. Nbd2 Bb7 6. Bd3 d5 7. Ne5 Nbd7 8. f4 Nxe5 9. fxe5 Nd7 10. Qg4 Qe7 11. 0-0 0-0-0 12. a4 f6 13. exf6 gxf6 14. a5 h5 15. Qh3 f5 16. axb6 axb6 17. Nf3 Bg7 18. Bd2 Rdg8 19. Ra7 Nb8 20. Bb5 Qd6 21. Ng5 Rf8 22. Rfa1 Bf6 23. Nf3 Nc6 24. Bxc6 Qxc6 25. Nh4 Re8 26. Be1 Bxh4 27. Bxh4 Reg8 28. Bf6 Rh7 29. Be5 Rg4 30. Qf3 Qb5 31. h3 Rg6 32. b4 c4 33. Bh2 Qc6 34. Qf4 Qc7 35. Qxc7+ Rxc7 36. Bxc7 Kxc7 37. Kf2 Rg7 38. g3 Kb8 39. R7a2 Kc7 40. Rg1 Kd6 41. Ra7 Kc7 42. Kf3 Rg6 43. Kf4 Kb8 44. Raa1 Bc8 45. Ke5 Kc7 46. Ra7+ Bb7 47. Ra2 Bc8 48. Rag2 Kc6 49. Ra1 Bb7 50. Kf4 Kc7 51. g4 fxg4 52. hxg4 hxg4 53. Rxg4 Rh6 54. Rg7+ Kb8 55. Rag1 Bc8 56. Rg8 Rh5 57. Rf8 Rh7 58. Rgg8 Rc7 59. Ke5 Kb7 60. Rxc8 1-0

[Event "Rhein Main op-A 18th"]
[Site "Bad Homburg"]
[Date "2015.06.05"]
[Round "4"]
[White "Weil, Michael"]
[Black "Varho, Ilkka"]
[Result "1-0"]
[WhiteElo "1979"]
[BlackElo "1931"]
[PlyCount "103"]
[EventDate "2015.06.03"]
[EventType "swiss"]
[EventRounds "7"]
[EventCountry "GER"]
[SourceTitle "CBM 167 Extra"]
[Source "ChessBase"]
[SourceDate "2015.09.14"]
[SourceVersion "1"]
[SourceVersionDate "2015.09.14"]
[SourceQuality "1"]

1. d4 d5 2. Nf3 Nf6 3. e3 Bf5 4. c4 e6 5. Qb3 b6 6. Nc3 Be7 7. Qa4+ Qd7 8. Qxd7+ Nbxd7 9. cxd5 exd5 10. Bb5 Bb4 11. Bc6 Rd8 12. Bd2 Bxc3 13. Bxc3 0-0 14. Bb4 Rfe8 15. 0-0 Re6 16. Rfc1 Nb8 17. Ba4 Na6 18. Ba3 Nd7 19. Bxd7 Rxd7 20. Ne5 Rd8 21. Nc6 Ra8 22. Ne7+ Rxe7 23. Bxe7 Bd7 24. Ba3 c6 25. f3 Re8 26. Kf2 Nc7 27. b4 Nb5 28. Bb2 Nd6 29. Re1 f5 30. Bc3 a6 31. h3 h5 32. h4 Kf7 33. Re2 Kg6 34. Be1 Re7 35. Rc1 Re8 36. Rcc2 Nb5 37. Kg1 f4 38. exf4 Nxd4 39. Rxe8 Bxe8 40. Rd2 Ne6 41. Re2 Bd7 42. Bd2 Kf6 43. g4 g6 44. Kf2 Be8 45. Re5 Ng7 46. Bc3 Kf7 47. Bd4 Bd7 48. Kg3 b5 49. Bc5 Be6 50. a3 Kf6 51. Bf8 Ne8 52. gxh5 1-0

[Event "Rhein Main op-A 18th"]
[Site "Bad Homburg"]
[Date "2015.06.04"]
[Round "2"]
[White "Christen, Stefan"]
[Black "Weil, Michael"]
[Result "1-0"]
[WhiteElo "1829"]
[BlackElo "1979"]
[PlyCount "155"]
[EventDate "2015.06.03"]
[EventType "swiss"]
[EventRounds "7"]
[EventCountry "GER"]
[SourceTitle "CBM 167 Extra"]
[Source "ChessBase"]
[SourceDate "2015.09.14"]
[SourceVersion "1"]
[SourceVersionDate "2015.09.14"]
[SourceQuality "1"]

1. Nf3 d5 2. e3 c6 3. b3 Bg4 4. Be2 Nd7 5. Bb2 Ngf6 6. d3 e6 7. a3 Bd6 8. Nbd2 Qc7 9. h3 Bxf3 10. Bxf3 0-0 11. 0-0 h6 12. Rc1 Rac8 13. c4 Qd8 14. Qc2 a5 15. Qb1 Qe7 16. Qa1 e5 17. Rfe1 Rfe8 18. Be2 e4 19. cxd5 cxd5 20. dxe4 dxe4 21. Bb5 Rxc1 22. Rxc1 Rd8 23. Bxd7 Rxd7 24. Bxf6 gxf6 25. Nc4 Bc7 26. Qc3 Rd3 27. Qc2 Be5 28. Nxe5 Qxe5 29. Qc8+ Kg7 30. Qxb7 Qb2 31. Rc7 Qxb3 32. Qxe4 Rd1+ 33. Kh2 Qd5 34. Qg4+ Qg5 35. Qxg5+ fxg5 36. Rc5 a4 37. Rc4 Rd2 38. Kg3 Ra2 39. Rxa4 f6 40. Ra8 Kg6 41. a4 Ra3 42. a5 f5 43. a6 Kg7 44. Kf3 h5 45. g4 fxg4+ 46. hxg4 h4 47. Kg2 Ra4 48. Kh3 Ra3 49. a7 Kh7 50. Kg2 Ra4 51. f4 Ra2+ 52. Kh3 Ra3 53. Re8 Rxa7 54. fxg5 Kg6 55. Kxh4 Rh7+ 56. Kg3 Kxg5 57. Rf8 Ra7 58. Rf5+ Kg6 59. Kf4 Ra4+ 60. e4 Rb4 61. Rd5 Rb1 62. Rd6+ Kf7 63. e5 Rf1+ 64. Kg5 Re1 65. e6+ Ke7 66. Ra6 Rg1 67. Kf5 Rf1+ 68. Kg6 Rg1 69. g5 Rf1 70. Kg7 Rg1 71. g6 Rh1 72. Kg8 Rg1 73. g7 Rg2 74. Ra3 Kxe6 75. Rh3 Kf6 76. Kf8 Ra2 77. Kg8 Kg6 78. Kh8 1-0

[Event "Rhein Main op-A 18th"]
[Site "Bad Homburg"]
[Date "2015.06.03"]
[Round "1"]
[White "Weil, Michael"]
[Black "Schmitzer, Klaus"]
[Result "0-1"]
[WhiteElo "1979"]
[BlackElo "2262"]
[PlyCount "68"]
[EventDate "2015.06.03"]
[EventType "swiss"]
[EventRounds "7"]
[EventCountry "GER"]
[SourceTitle "CBM 167 Extra"]
[Source "ChessBase"]
[SourceDate "2015.09.14"]
[SourceVersion "1"]
[SourceVersionDate "2015.09.14"]
[SourceQuality "1"]

1. d4 e6 2. Nf3 f5 3. Bg5 Nf6 4. Nbd2 Be7 5. e3 b6 6. c3 Bb7 7. Bd3 c5 8. Qe2 Ne4 9. Bxe7 Qxe7 10. h4 Nxd2 11. Kxd2 0-0 12. Ng5 h6 13. f4 Nc6 14. Rh2 cxd4 15. exd4 Qd6 16. g3 hxg5 17. hxg5 Kf7 18. Qh5+ Ke7 19. Qg6 Rg8 20. Rh7 Kf8 21. Be2 Ne7 22. Qh5 b5 23. Rf1 Be4 24. Rf2 b4 25. Rh2 bxc3+ 26. bxc3 Qa3 27. Rh8 Qb2+ 28. Ke1 Qxc3+ 29. Kf2 Qxd4+ 30. Kf1 Rb8 31. Rxg8+ Nxg8 32. Bd1 Rb1 33. Ke1 Qg1+ 34. Kd2 Rb2+ 0-1

[Event "Rhein Main op-A 17th"]
[Site "Bad Homburg"]
[Date "2014.06.22"]
[Round "7"]
[White "Fieberg, Christoph"]
[Black "Weil, Michael"]
[Result "1/2-1/2"]
[WhiteElo "1903"]
[BlackElo "2015"]
[PlyCount "85"]
[EventDate "2014.06.18"]
[EventType "swiss"]
[EventRounds "7"]
[EventCountry "GER"]
[SourceTitle "CBM 161 Extra"]
[Source "ChessBase"]
[SourceDate "2014.08.29"]
[SourceVersion "1"]
[SourceVersionDate "2014.08.29"]
[SourceQuality "1"]

1. e4 Nf6 2. e5 Nd5 3. d4 d6 4. c4 Nb6 5. exd6 exd6 6. Nc3 Nc6 7. Be3 Be7 8. c5 Nd7 9. cxd6 Bxd6 10. Bb5 Ne7 11. Qb3 Nf5 12. Nf3 0-0 13. 0-0 Nf6 14. Rad1 c6 15. Bd3 Nxe3 16. fxe3 Ng4 17. Rde1 Qc7 18. h3 Nh2 19. Nxh2 Bxh2+ 20. Kh1 Bg3 21. Re2 Qe7 22. Ne4 Bb8 23. Qc2 Qh4 24. g3 Qh6 25. h4 Be6 26. Ng5 Bxg3 27. Bxh7+ Kh8 28. Bf5 g6 29. Bxe6 Qxh4+ 30. Bh3 Qxg5 31. Qe4 Qh5 32. Qg4 Qxg4 33. Bxg4 Kg7 34. Kg2 Bc7 35. e4 Rad8 36. Rd1 Rh8 37. Kf3 Rh2 38. Rxh2 Bxh2 39. e5 f5 40. exf6+ Kxf6 41. Rh1 Bd6 42. Rh7 Be7 43. Ke4 1/2-1/2

[Event "Rhein Main op-A 16th"]
[Site "Bad Homburg"]
[Date "2013.06.01"]
[Round "6"]
[White "Kretner, Georg Ulrich"]
[Black "Weil, Michael"]
[Result "1/2-1/2"]
[WhiteElo "1883"]
[BlackElo "2046"]
[PlyCount "62"]
[EventDate "2013.05.29"]
[EventType "swiss"]
[EventRounds "7"]
[EventCountry "GER"]
[SourceTitle "EXT 2014"]
[Source "ChessBase"]
[SourceDate "2013.11.20"]
[SourceVersion "1"]
[SourceVersionDate "2013.11.20"]
[SourceQuality "1"]

1. d4 d5 2. c4 e6 3. Nc3 f5 4. g3 Nf6 5. Bg2 c6 6. b3 Bd6 7. Nf3 0-0 8. 0-0 Nbd7 9. Bg5 h6 10. Bc1 Ne4 11. Qc2 Qe8 12. Ne1 Ndf6 13. f3 Nxg3 14. hxg3 Bxg3 15. f4 Qh5 16. Rf3 Bxe1 17. Ba3 Bxc3 18. Qxc3 Ne4 19. Qe3 Rf6 20. Rh3 Qf7 21. Bxe4 fxe4 22. Bd6 Rg6+ 23. Rg3 Kh7 24. Be5 Bd7 25. Rxg6 Qxg6+ 26. Kf2 Rg8 27. Rg1 Qf5 28. Qg3 g6 29. Qh4 Qf7 30. Ke3 h5 31. Qg5 Re8 1/2-1/2

[Event "Rhein Main op-A 16th"]
[Site "Bad Homburg"]
[Date "2013.05.30"]
[Round "3"]
[White "Weil, Michael"]
[Black "Hilbenz, Guntram"]
[Result "0-1"]
[WhiteElo "2046"]
[BlackElo "1884"]
[PlyCount "134"]
[EventDate "2013.05.29"]
[EventType "swiss"]
[EventRounds "7"]
[EventCountry "GER"]
[SourceTitle "EXT 2014"]
[Source "ChessBase"]
[SourceDate "2013.11.20"]
[SourceVersion "1"]
[SourceVersionDate "2013.11.20"]
[SourceQuality "1"]

1. d4 d6 2. Nf3 Nf6 3. c3 Nbd7 4. Bg5 h6 5. Bh4 g5 6. Bg3 c6 7. Nbd2 Qb6 8. Nc4 Qc7 9. Qc2 Nh5 10. e3 Bg7 11. Bd3 Ndf6 12. 0-0-0 Be6 13. Kb1 0-0-0 14. Bf5 Bxf5 15. Qxf5+ Qd7 16. Qc2 Nxg3 17. hxg3 Ng4 18. e4 d5 19. Nce5 Nxe5 20. Nxe5 Bxe5 21. dxe5 Qe6 22. exd5 Rxd5 23. Rxd5 Qxd5 24. f4 gxf4 25. gxf4 Rg8 26. Rg1 Rg3 27. Rd1 Rxg2 28. Qf5+ e6 29. Rxd5 exf5 30. Rd6 Rg6 31. Rd2 Rg4 32. Rh2 Rxf4 33. Rxh6 Kd7 34. Kc2 Re4 35. Rf6 Rxe5 36. Rxf7+ Ke6 37. Rxb7 f4 38. Rh7 f3 39. Kd2 Re2+ 40. Kd3 Rxb2 41. Rh3 f2 42. Rf3 Rxa2 43. Kd4 a5 44. c4 a4 45. c5 Rb2 46. Rf8 Ke7 47. Rf5 a3 48. Kc3 Re2 49. Kd3 a2 50. Kxe2 a1Q 51. Kxf2 Qd4+ 52. Kg3 Ke6 53. Rh5 Qe3+ 54. Kh4 Qf4+ 55. Kh3 Qf3+ 56. Kh4 Qxh5+ 57. Kxh5 Kd5 58. Kg4 Kxc5 59. Kf3 Kd4 60. Ke2 Kc3 61. Kd1 Kb2 62. Kd2 c5 63. Kd3 Kb3 64. Kd2 c4 65. Kc1 Kc3 66. Kb1 Kd2 67. Kb2 c3+ 0-1